000 01336nam a2200241Ia 4500
999 _c38117
_d38117
001 4105
003 GE_BSU
005 20190920153645.0
008 181216s1984||||ge |||||||||||||| ||geo||
040 _cGE_BSU
041 _ageo
080 _a39(479.22)+94(479.22) ა–97
100 _aახვლედიანი, გ.
_92910
245 _aტრადიციების პრობლემა XVIII-XIX საუკუნეების ქართველი ისტორიკოსების ნაშრომებში /
_cგივი ახვლედიანი; რედ. ლ. ფრუიძე.
264 _a თბ. :
_bმეცნიერება,
_c1984.
300 _a54 გვ. ;
_b21 სმ.
490 _aტრადიცია და თანამედროვეობა ;
_v N12.
653 _aქართული ისტორიოგრაფია
653 _aქართული ტრადიციები
700 _aფრუიძე, ლ.
_eრედაქტორი
_94194
710 _aსაქ. სსრ მეცნ. აკადემია. სოც. და კულტ. ტრადიციათა პრობლემების სამეც.-საკოორდინაციო ცენტრი.
_94195
942 _cBK
_2udc